header

The Wiley-Blackwell companion to cultural geography (Record no. 76717)

MARC details
000 -LEADER
fixed length control field 01585nam a2200361 a 4500
082 04 - DEWEY DECIMAL CLASSIFICATION NUMBER
Classification number 304.2
245 04 - TITLE STATEMENT
Title The Wiley-Blackwell companion to cultural geography
260 ## - PUBLICATION, DISTRIBUTION, ETC. (IMPRINT)
Place of publication Chichester, West Sussex :
Name of publisher Wiley-Blackwell,
Year of publication 2013.
300 ## - PHYSICAL DESCRIPTION
Number of Pages xiv, 554 p. :
Other physical details ill.
520 ## - SUMMARY, ETC.
Summary, etc "A significantly revised new edition of this authoritative reference volume which traces the historical evolution of cultural geography through to the very latest research"--
650 #0 - SUBJECT ADDED ENTRY--TOPICAL TERM
Topical Term Human geography.
700 1# - ADDED ENTRY--PERSONAL NAME
Personal name Johnson, Nuala Christina,
Personal name Schein, Richard.
Personal name Winders, Jamie.
856 40 - ELECTRONIC LOCATION AND ACCESS
Uniform Resource Identifier http://site.ebrary.com/lib/rucke/Doc?id=10653887
520 ## - SUMMARY, ETC.
-- Provided by publisher.

No items available.

© 2026 Rongo University
Contact us: librarian | system librarian | Rongo university